Dry cargo chartering / (Record no. 26520)

000 -LEADER
fixed length control field 00505 a2200169 4500
008 - FIXED-LENGTH DATA ELEMENTS--GENERAL INFORMATION
fixed length control field 230628b ||||| |||| 00| 0 eng d
020 ## - INTERNATIONAL STANDARD BOOK NUMBER
International Standard Book Number 9781911328032
Terms of availability GBP110.00
041 0# - LANGUAGE CODE
Language code of text/sound track or separate title eng
082 00 - DEWEY DECIMAL CLASSIFICATION NUMBER
Classification number 387.5448
Item number I17
110 ## - MAIN ENTRY--CORPORATE NAME
9 (RLIN) 2796
Corporate name or jurisdiction name as entry element Institute of Chartered Shipbrokers
245 ## - TITLE STATEMENT
Title Dry cargo chartering /
250 ## - EDITION STATEMENT
Edition statement 2017 ed.
260 ## - PUBLICATION, DISTRIBUTION, ETC. (IMPRINT)
Place of publication, distribution, etc London:
Name of publisher, distributor, etc Institute of Chartered Shipbrokers,
Date of publication, distribution, etc 2022.
300 ## - PHYSICAL DESCRIPTION
Extent x, 319 p. :
Other physical details illustrations (color) ;
Dimensions 30 cm.
650 #0 - SUBJECT ADDED ENTRY--TOPICAL TERM
Topical term or geographic name as entry element Charter Parties
942 ## - ADDED ENTRY ELEMENTS (KOHA)
Source of classification or shelving scheme
Item type Books
Holdings
Withdrawn status Lost status Source of classification or shelving scheme Damaged status Not for loan Permanent location Current location Shelving location Date acquired Source of acquisition Cost, normal purchase price Full call number Barcode Date last seen Cost, replacement price Koha item type
          IMU Kolkata IMU Kolkata Reference 2023-06-28 5 10008.41 387.5448 I17 14167 2023-06-28 11120.46 Books
Designed and Maintained by IMU-KC Library, Kolkata Campus © Copyright All Rights Reserved

webs counters

Powered by Koha